South Eastern Kenya University

Library Online Public Access Catalogue


Living in the environment : (Record no. 8186)

MARC details
000 -LEADER
fixed length control field 00610cam a2200205Ia 4500
020 ## - ISBN
International Standard Book Number 0495067288
050 #4 - LIBRARY OF CONGRESS CALL NUMBER
Classification Number GE105
Item Number .M54 2006
100 1# - MAIN ENTRY--Author
Personal name Miller, G. Tyler
Dates associated with a name 1931-
245 10 - TITLE
Title Living in the environment :
Remainder of title principles, connections, and solutions /
Statement of responsibility, etc G. Tyler Miller, Jr., Scott E. Spoolman.
250 ## - EDITIONSTATEMENT
Edition statement 13th ed.
260 ## - PUBLICATION, DISTRIBUTION, ETC.(IMPRINT)
Place of publication, distribution, etc Belmont, CA :
Name of publisher, distributor, etc Brooks/Cole,
Date of publication, distribution, etc c2012.
300 ## - PHYSICAL DESCRIPTION
Extent 1 v. (various pagings) :
500 ## - GENERALNOTE
General note Includes glossary and index.
650 #0 - SUBJECT--TOPIC
Form subdivision Textbooks.
650 #0 - SUBJECT--TOPIC
Form subdivision Textbooks.
650 #0 - SUBJECT--TOPIC
Form subdivision Textbooks.
650 #0 - SUBJECT--TOPIC
Form subdivision Textbooks.
700 1# - ADDED ENTRY--PERSONAL AUTHOR
Personal Name Spoolman, Scott.
942 ## - ADDED ENTRY ELEMENTS(KOHA)
Source of classification or shelving scheme Library of Congress Classification
Koha item type General circulation
Holdings
Source of classification or shelving scheme Not for loan Location (home branch) Sublocation (holding branch) Date accessioned Full call number Barcode Koha item type
Library of Congress Classification   Kitui Town Campus Library Kitui Town Campus Library 08/11/2016 [KTI]GE105 .M54 2006 2015/007485 CD/DVD-ROMs
Kitui, Kenya.
+254736116989
library@seku.ac.ke